[Event "Regionalliga NO 1213"]
[Site "Bayern"]
[Date "2013.01.13"]
[Round "5.5"]
[White "Reichmann, Ulrich"]
[Black "Franz, Gerhard"]
[Result "1/2-1/2"]
[WhiteElo "1955"]
[BlackElo "2005"]
[PlyCount "37"]
[EventDate "2012.10.14"]
[EventType "team-tourn"]
[EventRounds "9"]
[EventCountry "GER"]
[SourceTitle "EXT 2015"]
[Source "ChessBase"]
[SourceDate "2014.11.20"]
[SourceVersion "1"]
[SourceVersionDate "2014.11.20"]
[SourceQuality "1"]
[WhiteTeam "Gunzenhausen"]
[BlackTeam "Amberg Siemens"]
[WhiteTeamCountry "GER"]
[BlackTeamCountry "GER"]

1. e4 c5 2. Nf3 d6 3. d4 cxd4 4. Nxd4 Nf6 5. Nc3 g6 6. Be3 Bg7 7. f3 0-0 8. Bc4 Nc6 9. Qd2 Bd7 10. Bb3 Rc8 11. 0-0-0 Ne5 12. g4 Nc4 13. Bxc4 Rxc4 14. Nb3 Rc7 15. h4 Be6 16. h5 Qc8 17. hxg6 fxg6 18. Nd4 b5 19. Ncxb5 1/2-1/2

[Event "Regionalliga NO 1112"]
[Site "Bayern"]
[Date "2012.03.18"]
[Round "8.5"]
[White "Roesch, Otto"]
[Black "Franz, Gerhard"]
[Result "0-1"]
[WhiteElo "1892"]
[BlackElo "2000"]
[PlyCount "82"]
[EventDate "2011.10.02"]
[EventType "team-tourn"]
[EventRounds "9"]
[EventCountry "GER"]
[SourceTitle "EXT 2015"]
[Source "ChessBase"]
[SourceDate "2014.11.20"]
[SourceVersion "1"]
[SourceVersionDate "2014.11.20"]
[SourceQuality "1"]
[WhiteTeam "Altensittenbach"]
[BlackTeam "Amberg Siemens"]
[WhiteTeamCountry "GER"]
[BlackTeamCountry "GER"]

1. d4 c5 2. d5 Nf6 3. c4 b5 4. cxb5 a6 5. bxa6 Bxa6 6. Nc3 d6 7. f3 g6 8. e4 Bxf1 9. Kxf1 Bg7 10. f4 Nbd7 11. Nf3 Nb6 12. h3 0-0 13. Kf2 Qd7 14. Re1 Rfb8 15. Qd3 Qb7 16. Re2 Na4 17. Nxa4 Rxa4 18. b3 c4 19. bxc4 Nxe4+ 20. Qxe4 Bxa1 21. Qxe7 Qxe7 22. Rxe7 Rxa2+ 23. Kg3 Rb1 24. c5 Rxc1 25. cxd6 Ra8 26. d7 Kf8 27. d6 Bf6 28. Ng5 Bxg5 29. fxg5 Rd1 30. Re3 Rxd6 31. h4 Rxd7 32. Kh3 Ra2 33. Rb3 Rdd2 34. Rg3 Kg7 35. Kh2 Rd4 36. Rh3 Raa4 37. Rf3 Rxh4+ 38. Kg1 Rhg4 39. Kh2 Rxg5 40. g3 Rag4 41. Kh3 Rxg3+ 0-1

[Event "Oberpfalz-ch M1"]
[Site "Kelheim"]
[Date "2009.04.04"]
[Round "1"]
[White "Franz, Gerhard"]
[Black "Muehlbauer, Hans Rainer"]
[Result "1-0"]
[WhiteElo "2111"]
[BlackElo "2003"]
[PlyCount "75"]
[EventDate "2009.04.04"]
[EventType "swiss"]
[EventRounds "8"]
[EventCountry "GER"]
[SourceTitle "EXT 2022"]
[Source "ChessBase"]
[SourceDate "2021.10.06"]
[SourceVersion "1"]
[SourceVersionDate "2021.10.06"]
[SourceQuality "1"]

1. d4 Nf6 2. c4 e6 3. Nc3 d5 4. cxd5 exd5 5. Bg5 Be7 6. e3 c6 7. Bd3 Bg4 8. Qc2 Nbd7 9. f3 Bh5 10. Nge2 Bg6 11. e4 dxe4 12. fxe4 h6 13. Bf4 0-0 14. 0-0 Nb6 15. Rad1 Nh5 16. Be3 Bg5 17. Qd2 Bxe3+ 18. Qxe3 Qd7 19. a4 Rad8 20. a5 Nc8 21. e5 Bxd3 22. Rxd3 Kh7 23. Qe4+ g6 24. Rh3 Ng7 25. Qe3 h5 26. Ne4 Ne8 27. e6 Qd5 28. exf7 Kg7 29. N2c3 Qc4 30. fxe8N+ Rdxe8 31. Rhf3 Rxf3 32. Qxf3 Qxd4+ 33. Kh1 Qe5 34. Qf7+ Kh6 35. Nf6 Rd8 36. Ng8+ Kg5 37. Ne4+ Qxe4 38. Qf6+ 1-0

[Event "Oberpfalz-ch M1"]
[Site "Kelheim"]
[Date "2009.04.04"]
[Round "2"]
[White "Fuhrmann, Max"]
[Black "Franz, Gerhard"]
[Result "1-0"]
[WhiteElo "2113"]
[BlackElo "2111"]
[PlyCount "69"]
[EventDate "2009.04.04"]
[EventType "swiss"]
[EventRounds "8"]
[EventCountry "GER"]
[SourceTitle "EXT 2022"]
[Source "ChessBase"]
[SourceDate "2021.10.06"]
[SourceVersion "1"]
[SourceVersionDate "2021.10.06"]
[SourceQuality "1"]

1. e4 c5 2. Nf3 d6 3. d4 cxd4 4. Nxd4 Nf6 5. Nc3 g6 6. Be3 Bg7 7. Be2 Nc6 8. 0-0 0-0 9. Nb3 Be6 10. f4 Qd7 11. Kh1 Bg4 12. Bxg4 Nxg4 13. Bg1 Nf6 14. Qf3 Rac8 15. Nd5 e6 16. Nxf6+ Bxf6 17. c3 d5 18. Nc5 Qc7 19. exd5 exd5 20. Qxd5 Rcd8 21. Qf3 Bg7 22. Rad1 b6 23. Nb3 b5 24. a3 a5 25. f5 Rxd1 26. Rxd1 Ne5 27. Qf1 Nc4 28. f6 Bh6 29. Qe2 Bg5 30. Rd5 Bxf6 31. Rxb5 a4 32. Rc5 Qb8 33. Qxc4 axb3 34. Rb5 Qd6 35. Qxb3 1-0

[Event "Oberpfalz-ch M1"]
[Site "Windischeschenbach"]
[Date "2007.04.02"]
[Round "5"]
[White "Rieger, Martin"]
[Black "Franz, Gerhard"]
[Result "1/2-1/2"]
[WhiteElo "2165"]
[BlackElo "2132"]
[PlyCount "31"]
[EventDate "2007.03.31"]
[EventType "swiss"]
[EventRounds "8"]
[EventCountry "GER"]
[SourceTitle "EXT 2022"]
[Source "ChessBase"]
[SourceDate "2021.10.06"]
[SourceVersion "1"]
[SourceVersionDate "2021.10.06"]
[SourceQuality "1"]

1. d4 Nf6 2. Nf3 g6 3. c4 c5 4. d5 b5 5. cxb5 a6 6. b6 d6 7. Nc3 Qxb6 8. e4 Bg7 9. Be2 a5 10. Nd2 Ba6 11. 0-0 0-0 12. Kh1 Nbd7 13. f4 Bxe2 14. Qxe2 Qb7 15. Rb1 Nb6 16. b3 1/2-1/2

[Event "Oberpfalz-ch M1"]
[Site "Windischeschenbach"]
[Date "2007.04.01"]
[Round "3"]
[White "Franz, Gerhard"]
[Black "Laubert, Johannes"]
[Result "1-0"]
[WhiteElo "2132"]
[BlackElo "1716"]
[PlyCount "41"]
[EventDate "2007.03.31"]
[EventType "swiss"]
[EventRounds "8"]
[EventCountry "GER"]
[SourceTitle "EXT 2022"]
[Source "ChessBase"]
[SourceDate "2021.10.06"]
[SourceVersion "1"]
[SourceVersionDate "2021.10.06"]
[SourceQuality "1"]

1. d4 d5 2. e3 Nf6 3. Bd3 e6 4. f4 c5 5. c3 Bd6 6. Nf3 Ne4 7. Bxe4 dxe4 8. Ng5 cxd4 9. Nxe4 e5 10. Nxd6+ Qxd6 11. fxe5 Qxe5 12. cxd4 Qf5 13. Rf1 Qg5 14. Kf2 0-0 15. Kg1 Nd7 16. Nc3 Nf6 17. e4 Qg6 18. e5 Ne4 19. Nd5 Kh8 20. Qd3 f5 21. Qxe4 1-0

[Event "Regionalliga NO 0607"]
[Site "Bayern"]
[Date "2006.12.10"]
[Round "4.3"]
[White "Bauer, Andreas"]
[Black "Franz, Gerhard"]
[Result "0-1"]
[WhiteElo "2126"]
[BlackElo "2020"]
[PlyCount "64"]
[EventDate "2006.10.15"]
[EventType "team-tourn"]
[EventRounds "9"]
[EventCountry "GER"]
[SourceTitle "EXT 2008"]
[Source "ChessBase"]
[SourceDate "2007.11.25"]
[SourceVersion "1"]
[SourceVersionDate "2007.11.25"]
[SourceQuality "1"]
[WhiteTeam "Postbauer Heng"]
[BlackTeam "Amberg Siemens"]
[WhiteTeamCountry "GER"]
[BlackTeamCountry "GER"]

1. Nf3 g6 2. g3 Bg7 3. Bg2 e5 4. d3 d6 5. c4 Nc6 6. Nc3 Nf6 7. 0-0 0-0 8. Rb1 a5 9. a3 h6 10. b4 axb4 11. axb4 Nh7 12. b5 Ne7 13. d4 exd4 14. Nxd4 Nf5 15. Nxf5 Bxf5 16. e4 Be6 17. Nd5 Re8 18. Qd3 Nf6 19. b6 Bxd5 20. exd5 Nd7 21. bxc7 Qxc7 22. Qb3 Ne5 23. c5 Qxc5 24. Be3 Qc7 25. Qxb7 Qxb7 26. Rxb7 Nc4 27. Ba7 Re2 28. Rb8+ Rxb8 29. Bxb8 Bd4 30. Bf3 Rb2 31. Rc1 Ne5 32. Bg2 Rxb8 0-1

[Event "Regionalliga NO 0607"]
[Site "Bayern"]
[Date "2006.11.19"]
[Round "3.5"]
[White "Franz, Gerhard"]
[Black "Stoeckl, Stephan"]
[Result "1/2-1/2"]
[WhiteElo "2020"]
[BlackElo "1989"]
[PlyCount "54"]
[EventDate "2006.10.15"]
[EventType "team-tourn"]
[EventRounds "9"]
[EventCountry "GER"]
[SourceTitle "EXT 2008"]
[Source "ChessBase"]
[SourceDate "2007.11.25"]
[SourceVersion "1"]
[SourceVersionDate "2007.11.25"]
[SourceQuality "1"]
[WhiteTeam "Amberg Siemens"]
[BlackTeam "Schwandorf"]
[WhiteTeamCountry "GER"]
[BlackTeamCountry "GER"]

1. d4 Nf6 2. c4 e6 3. Nc3 d5 4. cxd5 exd5 5. Bg5 Be7 6. e3 0-0 7. Bd3 Nbd7 8. Nf3 c6 9. Qc2 Re8 10. 0-0 Nf8 11. Rab1 a5 12. a3 Ng6 13. b4 axb4 14. axb4 Bd6 15. e4 dxe4 16. Nxe4 Be7 17. Nxf6+ Bxf6 18. Bxg6 hxg6 19. Bxf6 Qxf6 20. Ra1 Be6 21. Qd2 Bd5 22. Ne5 Qe6 23. h3 Red8 24. Qc3 Qf5 25. Ng4 Be6 26. Rxa8 Rxa8 27. Ra1 Rxa1+ 1/2-1/2

[Event "Oberpfalz-ch M1"]
[Site "Regensburg"]
[Date "2006.04.11"]
[Round "7.8"]
[White "Franz, Gerhard"]
[Black "Wutz, Christoph"]
[Result "1/2-1/2"]
[WhiteElo "1997"]
[BlackElo "2092"]
[PlyCount "95"]
[EventDate "2006.04.08"]
[EventType "swiss"]
[EventRounds "8"]
[EventCountry "GER"]
[SourceTitle "EXT 2022"]
[Source "ChessBase"]
[SourceDate "2021.10.06"]
[SourceVersion "1"]
[SourceVersionDate "2021.10.06"]
[SourceQuality "1"]

1. d4 Nf6 2. c4 g6 3. Nc3 d5 4. cxd5 Nxd5 5. e4 Nxc3 6. bxc3 Bg7 7. Nf3 c5 8. Rb1 Nc6 9. d5 Bxc3+ 10. Bd2 Bxd2+ 11. Qxd2 Na5 12. h4 h5 13. Qc3 0-0 14. Qxc5 b6 15. Qe3 Qd6 16. Bd3 Bg4 17. Nd4 Bd7 18. 0-0 Rac8 19. Rfc1 e6 20. Qg5 Kg7 21. f4 Rc5 22. Kh1 f6 23. Qg3 exd5 24. e5 fxe5 25. fxe5 Qe7 26. Qxg6+ Kh8 27. Qxh5+ Kg8 28. Rf1 Rcc8 29. e6 Bc6 30. Nf5 Qxe6 31. Nd6 Rc7 32. Rxf8+ Kxf8 33. Rf1+ Ke7 34. Nf5+ Kd7 35. Nd4 Qe8 36. Qf5+ Kd8 37. Ne6+ Kc8 38. Ba6+ Kb8 39. Nxc7 Kxc7 40. Qh7+ Kd6 41. Rf6+ Kc5 42. Qc2+ Nc4 43. Bxc4 dxc4 44. Qf2+ Kb5 45. Qb2+ Ka6 46. Qa3+ Kb7 47. Qg3 Qe4 48. Rf7+ 1/2-1/2

[Event "Oberpfalz-ch M1"]
[Site "Regensburg"]
[Date "2006.04.10"]
[Round "5.10"]
[White "Fuhrmann, Max"]
[Black "Franz, Gerhard"]
[Result "0-1"]
[WhiteElo "1890"]
[BlackElo "1997"]
[PlyCount "82"]
[EventDate "2006.04.08"]
[EventType "swiss"]
[EventRounds "8"]
[EventCountry "GER"]
[SourceTitle "EXT 2022"]
[Source "ChessBase"]
[SourceDate "2021.10.06"]
[SourceVersion "1"]
[SourceVersionDate "2021.10.06"]
[SourceQuality "1"]

1. e4 c5 2. Nf3 d6 3. d4 cxd4 4. Nxd4 Nf6 5. Nc3 g6 6. Be2 Bg7 7. Be3 Nc6 8. 0-0 0-0 9. Nb3 Be6 10. f4 Na5 11. Nxa5 Qxa5 12. Bf3 Bc4 13. Re1 Rfd8 14. Bd4 e6 15. Rb1 Qc7 16. Rc1 e5 17. Bf2 exf4 18. b3 Qa5 19. Bd4 Be6 20. Nd5 Bxd5 21. exd5 Re8 22. c4 Qxa2 23. Qd3 Qa5 24. Kf2 a6 25. Ra1 Qc7 26. Qc3 Re3 27. Rxe3 fxe3+ 28. Kxe3 Ne8 29. Kf2 Bxd4+ 30. Qxd4 Ng7 31. Re1 Re8 32. b4 Rxe1 33. Kxe1 b6 34. Kf1 Nf5 35. Qc3 Qxc4+ 36. Qxc4 Ne3+ 37. Kf2 Nxc4 38. Be2 b5 39. Bxc4 bxc4 40. Ke3 Kg7 41. Kd4 Kf6 0-1

[Event "Oberpfalz-ch M1"]
[Site "Schwarzenfeld"]
[Date "2005.??.??"]
[Round "7"]
[White "Schmahl, Stephan"]
[Black "Franz, Gerhard"]
[Result "1-0"]
[WhiteElo "2171"]
[BlackElo "2132"]
[PlyCount "59"]
[EventDate "2005.03.19"]
[EventType "swiss"]
[EventRounds "8"]
[EventCountry "GER"]
[SourceTitle "EXT 2022"]
[Source "ChessBase"]
[SourceDate "2021.10.06"]
[SourceVersion "1"]
[SourceVersionDate "2021.10.06"]
[SourceQuality "1"]

1. d4 Nf6 2. c4 c5 3. d5 b5 4. cxb5 a6 5. bxa6 Bxa6 6. Nc3 d6 7. e4 g6 8. Bxa6 Nxa6 9. Nf3 Bg7 10. 0-0 0-0 11. Re1 Nd7 12. Bg5 Re8 13. Qe2 Qb6 14. Rad1 Nc7 15. Bf4 Reb8 16. Rd2 f6 17. h4 Nb5 18. Nxb5 Qxb5 19. b3 Qxe2 20. Rexe2 Rb4 21. g3 c4 22. Rd4 cxb3 23. Rxb4 bxa2 24. Rxa2 Rxa2 25. Rb7 Nc5 26. Rxe7 Bf8 27. Re8 Ra6 28. Bh6 Nd7 29. Rd8 Ra4 30. Bf4 1-0

[Event "Oberpfalz-ch M1"]
[Site "Regensburg"]
[Date "2004.04.04"]
[Round "3.3"]
[White "Franz, Gerhard"]
[Black "Appel, Helmut"]
[Result "1/2-1/2"]
[WhiteElo "2019"]
[BlackElo "2244"]
[PlyCount "53"]
[EventDate "2004.04.03"]
[EventType "swiss"]
[EventRounds "8"]
[EventCountry "GER"]
[SourceTitle "EXT 2022"]
[Source "ChessBase"]
[SourceDate "2021.10.06"]
[SourceVersion "1"]
[SourceVersionDate "2021.10.06"]
[SourceQuality "1"]

1. d4 d5 2. e3 e6 3. Bd3 f5 4. f4 Nf6 5. Nf3 Be7 6. 0-0 0-0 7. Nbd2 Bd7 8. Ne5 Be8 9. c4 Ne4 10. Qb3 Nc6 11. Ndf3 Rb8 12. cxd5 exd5 13. Nxc6 Bxc6 14. Qc2 Bd7 15. Bd2 Kh8 16. Rae1 Be6 17. Ne5 c6 18. a3 a6 19. Re2 Rc8 20. Qb3 Rb8 21. Bxe4 fxe4 22. Bb4 Qb6 23. Qc3 Bxb4 24. Qxb4 Qxb4 25. axb4 g6 26. g4 Rf6 27. Kf2 1/2-1/2

[Event "Nittenau-ch 2nd"]
[Site "Nittenau"]
[Date "2002.09.22"]
[Round "4"]
[White "Franz, Gerhard"]
[Black "Berisha, Shpend"]
[Result "1-0"]
[WhiteElo "1962"]
[BlackElo "1916"]
[PlyCount "137"]
[EventDate "2002.09.20"]
[EventType "swiss"]
[EventRounds "5"]
[EventCountry "GER"]
[SourceTitle "EXT 2008"]
[Source "ChessBase"]
[SourceDate "2007.11.25"]
[SourceVersion "1"]
[SourceVersionDate "2007.11.25"]
[SourceQuality "1"]

1. d4 d5 2. c4 c6 3. cxd5 cxd5 4. Nc3 g6 5. Bf4 a6 6. e3 Nc6 7. Bd3 Bg7 8. h3 Nf6 9. Nf3 0-0 10. 0-0 Re8 11. Rc1 Bd7 12. a3 Nh5 13. Bh2 e6 14. Na4 e5 15. dxe5 Nxe5 16. Nxe5 Bxe5 17. Be2 Bxh2+ 18. Kxh2 Nf6 19. Bf3 Bc6 20. Qd4 Ne4 21. Nb6 Qd6+ 22. Kg1 Rad8 23. Rfd1 Qe6 24. Na4 Ng5 25. Bg4 f5 26. Nc5 Qf7 27. Be2 Ne6 28. Nxe6 Rxe6 29. Bf3 g5 30. Rc5 Red6 31. g3 h6 32. b4 b6 33. Rxc6 Rxc6 34. Bxd5 Rxd5 35. Qxd5 Qxd5 36. Rxd5 Rf6 37. Rd7 b5 38. Ra7 Rd6 39. Kg2 g4 40. hxg4 fxg4 41. Kf1 Kf8 42. Ke2 Rf6 43. Rd7 Kg8 44. Rd4 h5 45. Rd5 Rh6 46. f4 gxf3+ 47. Kxf3 Kf7 48. Kf4 h4 49. gxh4 Rxh4+ 50. Ke5 Ke7 51. Rd3 Rh5+ 52. Kd4 Kd6 53. e4 Kc6 54. Rc3+ Kb6 55. e5 a5 56. bxa5+ Kxa5 57. e6 Rh4+ 58. Ke5 Rh5+ 59. Kd6 Rh1 60. Re3 Rd1+ 61. Kc7 Rc1+ 62. Kb7 b4 63. axb4+ Kxb4 64. e7 Rb1 65. e8Q Kc5+ 66. Kc7 Rf1 67. Qe5+ Kc4 68. Qc3+ Kd5 69. Re5# 1-0